000 00463nab a22001457 4500
003 ES-SlBCS
005 20210327224246.0
008 191118s2019 sp ||||| |||| 00| 0 spa d
040 _aES-SlBCS
_bspa
041 _aspa
100 1 _aZepeda Miramontes, Conrado
_9116814
245 1 4 _aLos exilios en la aldea global y la compasión política
_cConrado Zepeda Miramontes
773 0 _gNúm. 383, 2019, págs. 145-150
_tConcilium
_wRev134
_x0210-1041
942 _2lcc
_cAR
999 _c482315
_d482315